000
00281nam a22001337a 4500
008
170919b xxu||||| |||| 00| 0 eng d
020
_a
9780940717855
041
_a
eng
080
_a
74
100
_a
44
101
_a
ART
245
_a
ART OF JAPAN
_c
GROSSMAN,N
942
_2
udc
_c
BK
999
_c
28289
_d
28289